International Flights from India - Statistics

General Stats
  • This quiz has been taken 76 times
    46 since last reset
  • The average score is 67 of 122
Answer Stats
Answer % Correct
Mumbai
95%
Delhi
92%
Dubai
87%
Kolkata
87%
Abu Dhabi
84%
Bangkok
82%
Beijing
82%
Chennai
82%
Hong Kong
82%
London
82%
Tokyo
82%
Bangalore
79%
Doha
79%
Kathmandu
79%
Shanghai
79%
Addis Ababa
76%
Cairo
76%
Colombo
76%
Hyderabad
76%
Jeddah
76%
Kabul
76%
Kuala Lumpur
76%
Kuwait
76%
Muscat
76%
Riyadh
76%
Singapore
76%
Ahmedabad
74%
Amsterdam
74%
Guangzhou
74%
Hanoi
74%
Ho Chi Minh City
74%
Istanbul
74%
Paris
74%
Seoul
74%
Tehran
74%
Baghdad
71%
Dhaka
71%
Frankfurt
71%
Malé
71%
Münich
71%
New York
71%
Moscow
68%
Helsinki
66%
Pune
66%
Yangon
66%
Zürich
66%
Almaty
63%
Chicago
63%
Kiev
63%
Manchester
63%
Rome
63%
Tel Aviv
63%
Jaipur
61%
Lucknow
61%
Manama
61%
Nairobi
61%
Sydney
61%
Taipei
61%
Tashkent
61%
Toronto
61%
Dar es Salaam
58%
Warsaw
58%
Aşhgabat
55%
Dushanbe
55%
Kochi
55%
Medina
55%
San Francisco
55%
Birmingham
53%
Kigali
53%
Melbourne
53%
Vancouver
53%
Chittagong
50%
Kunming
50%
Thiruvananthapuram
50%
Amritsar
47%
Dabolim
47%
Dammam
47%
Newark
47%
Phuket
47%
Port Louis
47%
Surat
47%
Bishkek
45%
Indore
42%
Kozhikode
42%
Mashhad
42%
Nagpur
42%
Sharjah
42%
Aden
39%
Chengdu
39%
Mandalay
39%
Paro
39%
Varanasi
39%
Chandigarh
37%
Da Nang
37%
Mangalore
37%
Vishakhapatnam
37%
Coimbatore
34%
Guwahati
34%
Ras Al Khaimah
34%
Victoria
34%
Lagos
32%
Qingdao
32%
Basra
29%
Madurai
29%
Najaf
29%
Tiruchirappalli
29%
Kandahar
26%
Medan
26%
Bhubaneswar
24%
Gaya
24%
Herat
24%
Jinan
24%
Kannur
24%
Salalah
21%
Al Ain
18%
Saint-Dénis
18%
Imphal
16%
Sanya
16%
Siliguri
16%
Jaffna
13%
Mazar-e-Sharif
13%
Hanimaadhoo
0%
No matching quizzes found
Score Distribution
Percent of People with Each Score
Percentile by Number Answered
Your Score History
You have not taken this quiz since the last reset